| 000 | 00570nam a2200193Ia 4500 | ||
|---|---|---|---|
| 003 | LDD | ||
| 008 | 181029s9999 xx 000 0 und d | ||
| 020 |
_a9781412925686 _c3950.00 |
||
| 040 | _cLDD | ||
| 100 | _aFriedenberg, Jay | ||
| 245 | 0 |
_aCognitive Science _bintroduction to the study of mind _cJay Friedenberg |
|
| 260 |
_aLondon _bSage _c2006 |
||
| 300 | _axxiii, 531 | ||
| 365 | _b3950.00 | ||
| 901 |
_a13295 _b10-02-2016 |
||
| 902 |
_aSBS/245/16 _b18-02-2016 _cF _dSBS _e378 |
||
| 903 |
_aDiscount-50 _bReqst by : P, K Biswas |
||
| 942 |
_2ddc _cBK |
||
| 999 |
_c117226 _d117226 |
||